[Event "Ì17Ï"]
[Site "Loo"]
[Date "2017.04.27"]
[Round "8.9"]
[White "Ñèâÿêîâ, Ãåîðãèé."]
[Black "Íóðèñòàíè, Èìàí."]
[Result "0-1"]
[WhiteElo "1959"]
[BlackElo "1998"]
[PlyCount "74"]
[EventDate "2017.04.20"]

1. e4 e6 2. d4 d5 3. e5 c5 4. c3 Nc6 5. Be3 Nh6 6. Nf3 Nf5 7. Bd3 Nxe3 8. fxe3
Qb6 9. Qc1 Bd7 10. Nbd2 Rc8 11. Qb1 Be7 12. h4 h6 13. g4 Kd8 14. Rg1 f6 15.
exf6 gxf6 16. g5 hxg5 17. hxg5 fxg5 18. Nxg5 Bxg5 19. Rxg5 cxd4 20. exd4 Kc7
21. Rg1 Kb8 22. Nb3 e5 23. Nc5 Rcd8 24. b4 exd4 25. Bf5 dxc3 26. a3 c2 27. Bxc2
Nd4 28. Kd1 Bg4+ 29. Kc1 Ne2+ 30. Kb2 Qf6+ 31. Kb3 Qc3+ 32. Ka4 Nxg1 33. Bf5
Rh6 34. Bxg4 Rdd6 35. Bd7 Ra6+ 36. Nxa6+ Rxa6+ 37. Kb5 Qc4# 0-1

[Event "Ì17Ï"]
[Site "Loo"]
[Date "2017.04.27"]
[Round "8.10"]
[White "Ïåòðîâñêèé, Àíäðåé."]
[Black "Àïïàíîâ, Àðòåì."]
[Result "0-1"]
[WhiteElo "1780"]
[BlackElo "1992"]
[PlyCount "68"]
[EventDate "2017.04.20"]

1. e4 c5 2. f4 d5 3. exd5 Nf6 4. Bb5+ Bd7 5. Bxd7+ Qxd7 6. c4 e6 7. Qe2 Bd6 8.
d3 O-O 9. dxe6 fxe6 10. Nf3 Nc6 11. O-O Rae8 12. Nc3 e5 13. f5 Nd4 14. Qd1 Nxf5
15. Ne4 Nxe4 16. dxe4 Nd4 17. Qd3 Qg4 18. Bd2 Re6 19. Rf2 Rg6 20. Ne1 Rgf6 21.
Rxf6 Rxf6 22. h3 Qh4 23. Kh2 Rf2 24. b3 Re2 25. Bc3 Qf4+ 26. Qg3 Qxg3+ 27. Kxg3
Rxe4 28. Kf2 Be7 29. Nd3 Bh4+ 30. g3 Bxg3+ 31. Kxg3 Re3+ 32. Kg4 Rxd3 33. Be1
g6 34. h4 h5+ 0-1

[Event "Ì17Ï"]
[Site "Loo"]
[Date "2017.04.27"]
[Round "8.11"]
[White "Òÿòþøêèí, Äàíèë."]
[Black "Ëåâåíøòåéí, Ìàðê."]
[Result "0-1"]
[WhiteElo "1985"]
[BlackElo "2161"]
[PlyCount "46"]
[EventDate "2017.04.20"]

1. e4 c6 2. d4 d5 3. e5 Bf5 4. Nc3 e6 5. g4 Bg6 6. Nge2 c5 7. Be3 Nc6 8. h4 h5
9. Nf4 Nge7 10. Nb5 cxd4 11. Nd6+ Kd7 12. Bxd4 Nxd4 13. Nxg6 Nxg6 14. Qxd4 Nxe5
15. Qxe5 Bxd6 16. Qxg7 Qa5+ 17. c3 hxg4 18. Qxf7+ Be7 19. O-O-O Raf8 20. Qg7
Rhg8 21. Qd4 Bc5 22. Qe5 Bd6 23. Qd4 Rf4 {äàëåå çàïèñü íåðàçáîð~~èâà} 0-1

[Event "Ì17Ï"]
[Site "Loo"]
[Date "2017.04.27"]
[Round "8.12"]
[White "Âåòîõèí, Èëüÿ."]
[Black "Æàôÿðîâ, Àäåëü."]
[Result "1/2-1/2"]
[WhiteElo "1913"]
[BlackElo "2111"]
[PlyCount "105"]
[EventDate "2017.04.20"]

1. d4 d5 2. c4 e6 3. Nc3 c6 4. e3 Nf6 5. Nf3 Be7 6. Bd3 O-O 7. O-O b6 8. b3 Bb7
9. Bb2 Nbd7 10. Qe2 a6 11. e4 dxe4 12. Nxe4 c5 13. dxc5 Nxe4 14. Bxe4 Bxe4 15.
Qxe4 Nxc5 16. Qd4 Qxd4 17. Bxd4 f6 18. Rad1 Rfd8 19. Rfe1 Kf7 20. Kf1 g5 21.
Bxc5 Bxc5 22. Rxd8 Rxd8 23. Ke2 e5 24. g4 Ke6 25. Kf1 Rd3 26. Kg2 Bb4 27. Re2
h6 28. h3 Kd6 29. Nh2 Bd2 30. Nf1 Bf4 31. Ne3 Bxe3 32. fxe3 e4 33. Kf2 Kc5 34.
Rc2 Rd1 35. a3 a5 36. b4+ axb4 37. axb4+ Kxb4 38. Rb2+ Kxc4 39. Rxb6 Rd2+ 40.
Kg3 Kd3 41. Rxf6 Kxe3 42. Rxh6 Ke2 43. Rg6 Rd5 44. Re6 e3 45. h4 gxh4+ 46. Kxh4
Kd2 47. g5 e2 48. g6 Rd3 49. g7 Re3 50. Rxe3 Kxe3 51. g8=Q e1=Q+ 52. Qg3+ Qxg3+
53. Kxg3 1/2-1/2

[Event "Ì17Ï"]
[Site "Loo"]
[Date "2017.04.27"]
[Round "8.13"]
[White "Çàáîëîòíîâ, Åâãåíèé."]
[Black "Çàâüÿëîâ, Íèêèòà."]
[Result "0-1"]
[WhiteElo "2087"]
[BlackElo "1908"]
[PlyCount "61"]
[EventDate "2017.04.20"]

1. d4 d5 2. c4 e6 3. Nc3 Be7 4. cxd5 exd5 5. Bf4 Nf6 6. e3 O-O 7. Bd3 c6 8. h3
Bd6 9. Bxd6 Qxd6 10. Nf3 Re8 11. Qc2 Be6 12. g4 Nbd7 13. O-O-O g6 14. Kb1 Rac8
15. Ng5 h6 16. Nxe6 Qxe6 17. Rhg1 Ne4 18. Nxe4 dxe4 19. Bc4 Qf6 20. g5 hxg5 21.
Rg4 Nb6 22. Bb3 Nd5 23. Rdg1 Nb4 24. Qe2 Nd3 25. Rxg5 Kf8 26. R5g3 Qf5 27. Rf1
c5 28. f3 c4 29. Ba4 Re7 30. fxe4 Qxe4 31. Qg4 {äàëåå çàïèñü íåðàçáîð~~èâà} 0-1

[Event "Ì17Ï"]
[Site "Loo"]
[Date "2017.04.27"]
[Round "8.14"]
[White "Ëàïòåâ, Òèìîôåé."]
[Black "Ìîèñååâ, Äàíèëà."]
[Result "0-1"]
[WhiteElo "1870"]
[BlackElo "2037"]
[PlyCount "89"]
[EventDate "2017.04.20"]

1. e4 c5 2. Nf3 d6 3. d4 cxd4 4. Nxd4 Nf6 5. Nc3 a6 6. Bc4 e6 7. Bb3 Nc6 8. Be3
Be7 9. O-O O-O 10. f4 Nxd4 11. Bxd4 b5 12. a3 Bb7 13. Qe2 Qc7 14. f5 e5 15. Bf2
Rfd8 16. Rad1 Rac8 17. h3 d5 18. Nxd5 Bxd5 19. exd5 Bc5 20. Rfe1 Bxf2+ 21. Qxf2
Qd6 22. Qe3 Nd7 23. Rc1 f6 24. Ba2 Nb6 25. Red1 Kf8 26. c3 Rc5 27. b4 Rc7 28.
Rd2 Rdc8 29. Kh1 Na4 30. Rdc2 Nb6 31. Qd3 Nc4 32. Bxc4 Rxc4 33. a4 bxa4 34. Ra2
Rxb4 35. c4 Qc5 36. d6 Rd8 37. Rd2 Rb6 38. Rcd1 Rc6 39. d7 Rc7 40. Qf3 Qxc4 41.
Qh5 h6 42. Rd6 Qf7 43. Qxf7+ Kxf7 44. Kg1 a3 45. g4 {äàëåå çàïèñü íåðàçáîð~~èâà
} 0-1

[Event "Ì17Ï"]
[Site "Loo"]
[Date "2017.04.27"]
[Round "8.15"]
[White "Èäèãîâ, Àáóáàêàð."]
[Black "Áóðõàíîâ, Âàñèëèé."]
[Result "0-1"]
[WhiteElo "1833"]
[BlackElo "2026"]
[PlyCount "82"]
[EventDate "2017.04.20"]

1. d4 d5 2. Bf4 e6 3. Nf3 Bd6 4. Bg3 Nf6 5. e3 Ne4 6. Bd3 Nd7 7. Nbd2 f5 8. c3
O-O 9. O-O Nxg3 10. hxg3 g5 11. c4 c6 12. cxd5 cxd5 13. Re1 g4 14. Nh2 Kf7 15.
Kf1 Nf6 16. Rc1 Nh5 17. Ke2 Qg5 18. Nb3 Kg7 19. a3 Nf6 20. Rh1 Ne4 21. Nf1 b6
22. Qe1 Qe7 23. f4 a5 24. Bxe4 dxe4 25. Nfd2 a4 26. Na1 Ba6+ 27. Kf2 Rfc8 28.
Nb1 Bd3 29. Qd2 b5 30. Rxc8 Rxc8 31. Rc1 Rh8 32. Qc3 h5 33. d5+ e5 34. Rh1 h4
35. Qe1 hxg3+ 36. Kxg3 exf4+ 37. exf4 Rxh1 38. Qxh1 Qc7 39. Qd1 Bxf4+ 40. Kf2
Qc5+ 41. Ke1 Qg1# 0-1

[Event "Ì17Ï"]
[Site "Loo"]
[Date "2017.04.27"]
[Round "8.16"]
[White "Çèñèí, Îëåã."]
[Black "Ìîðîçîâ, Âàëåðèé."]
[Result "1/2-1/2"]
[WhiteElo "1988"]
[BlackElo "1836"]
[PlyCount "111"]
[EventDate "2017.04.20"]

1. e4 a6 2. d4 b5 3. Bd3 Bb7 4. Nf3 e6 5. Qe2 Nf6 6. Bg5 Be7 7. Nbd2 d5 8. e5
Nfd7 9. Bxe7 Qxe7 10. h4 c5 11. c3 Nc6 12. a3 c4 13. Bc2 Nb6 14. Rh3 Kd7 15. b3
Na5 16. b4 Nc6 17. a4 Nxa4 18. Bxa4 bxa4 19. Rxa4 Na7 20. Qe3 Nb5 21. Ra5 h6
22. g4 Rag8 23. Rg3 g5 24. h5 Ra8 25. Ke2 Qf8 26. Rh3 Qg7 27. Rh1 Rhf8 28. Rha1
Qh7 29. R1a2 Kc7 30. Rb2 Kb6 31. Nb1 f6 32. exf6 Rxf6 33. Ne5 Raf8 34. f3 Na7
35. Nd2 Nc6 36. Ndxc4+ Kc7 37. Nxc6 dxc4 38. Ne5 Bxf3+ 39. Nxf3 Rxf3 40. Qxf3
Rxf3 41. Kxf3 Qd3+ 42. Kg2 Qxc3 43. Rba2 Qxd4 44. Rxa6 Qxg4+ 45. Kf2 Qxh5 46.
b5 Kb7 47. Ke3 Qh3+ 48. Kd4 Qd3+ 49. Kc5 Qd5+ 50. Kb4 Qd4 51. Rxe6 c3+ 52. Ka5
Qa7+ 53. Ra6 Qc5 54. Rc6 Qf8 55. Ka4 Qg7 56. Kb3 1/2-1/2

[Event "Ì17Ï"]
[Site "Loo"]
[Date "2017.04.27"]
[Round "8.17"]
[White "Òðåòüÿêîâ, Ñòåïàí."]
[Black "Ëèòâèíîâ, Àíòîí."]
[Result "1-0"]
[WhiteElo "1995"]
[BlackElo "1866"]
[PlyCount "56"]
[EventDate "2017.04.20"]

1. d4 d5 2. c4 e6 3. Nc3 c6 4. Nf3 Nf6 5. Bg5 h6 6. Bh4 dxc4 7. a4 Bb4 8. Qc2
g5 9. Bg3 g4 10. Ne5 Qxd4 11. e3 Qe4 12. Qd2 Qf5 13. Nxc4 Ne4 14. Qd4 O-O 15.
Bd3 Nxc3 16. bxc3 Bc5 17. Bxf5 Bxd4 18. cxd4 exf5 19. Nd6 Na6 20. h3 b6 21.
hxg4 fxg4 22. Rxh6 Kg7 23. Rh4 Be6 24. Kd2 f6 25. Ne4 Rh8 26. Rxh8 Rxh8 27.
Nxf6 Bf5 28. Be5 Rd8 {äàëåå çàïèñü íåðàçáîð~~èâà} 1-0

[Event "Ì17Ï"]
[Site "Loo"]
[Date "2017.04.27"]
[Round "8.18"]
[White "Íàêîíå÷íûé, Èãíàò."]
[Black "Ìàð÷åíêî, Íèêîëàé."]
[Result "0-1"]
[WhiteElo "1977"]
[BlackElo "1862"]
[PlyCount "92"]
[EventDate "2017.04.20"]

1. e4 c5 2. Nf3 d6 3. d4 cxd4 4. Nxd4 Nf6 5. Nc3 a6 6. Be2 e5 7. Nb3 Be6 8. O-O
Be7 9. Be3 Nbd7 10. Qd2 b5 11. a3 Rc8 12. f3 Qc7 13. Rac1 Nb6 14. Na5 d5 15.
exd5 Nbxd5 16. Nxd5 Nxd5 17. Bf2 Nf4 18. Bd3 O-O 19. b4 Qc3 20. Be3 Qxa3 21.
Bxf4 Bxb4 22. c3 Bc5+ 23. Be3 Qxa5 24. Bxc5 Rxc5 25. Rfd1 Rfc8 26. Qe3 g6 27.
Ra1 Qb6 28. h4 R5c6 29. Qxb6 Rxb6 30. Ra3 Rd6 31. Be2 Rxd1+ 32. Bxd1 Rc6 33.
Kf2 Kf8 34. Ke3 Ke7 35. Be2 Kd6 36. g4 f6 37. f4 Bc4 38. fxe5+ Kxe5 39. Bf3 Rd6
40. h5 Rd3+ 41. Kf2 Kf4 42. Bb7 Rd2+ 43. Ke1 Ke3 44. hxg6 hxg6 45. Rxa6 Rb2 46.
Ra1 Rf2 0-1

[Event "Ì17Ï"]
[Site "Loo"]
[Date "2017.04.27"]
[Round "8.19"]
[White "Íèêèòèí, Ãåîðãèé."]
[Black "Ðîãîöêèé, Þðèé."]
[Result "1/2-1/2"]
[WhiteElo "1847"]
[BlackElo "1960"]
[PlyCount "152"]
[EventDate "2017.04.20"]

1. d4 Nf6 2. c4 e6 3. Nc3 Bb4 4. Qc2 c5 5. a3 Bxc3+ 6. bxc3 Nc6 7. Nf3 b6 8.
Bg5 d6 9. Rd1 Qe7 10. e3 O-O 11. Bd3 h6 12. Bxf6 Qxf6 13. O-O Bb7 14. Be4 Rac8
15. d5 Na5 16. dxe6 Bxe4 17. Qxe4 Qxe6 18. Qxe6 fxe6 19. Rxd6 Nxc4 20. Rxe6
Rcd8 21. Re4 Nd6 22. Re7 a5 23. h4 Nc4 24. Ne5 Nxa3 25. Nd7 b5 26. Nxf8 Kxf8
27. Rc7 c4 28. Ra7 Rd3 29. Rc1 a4 30. Rb7 h5 31. e4 Rd2 32. Kf1 Nc2 33. Rxb5 a3
34. Ra5 a2 35. Kg1 a1=Q 36. Rcxa1 Nxa1 37. Rxa1 Re2 38. f3 Rc2 39. Ra3 Kf7 40.
Kh2 Kf6 41. Kh3 g6 42. g4 hxg4+ 43. Kxg4 Rg2+ 44. Kf4 Rh2 45. Ra4 Rxh4+ 46. Kg3
Rh1 47. Rxc4 g5 48. Rc6+ Kf7 49. Kg4 Rg1+ 50. Kf5 Rg3 51. Rf6+ Ke7 52. Ke5 g4
53. fxg4 Rxc3 54. Ra6 Rc5+ 55. Kf4 Rc1 56. Kf5 Rf1+ 57. Ke5 Kf7 58. Rd6 Rg1 59.
Kf5 Rf1+ 60. Kg5 Re1 61. Rd4 Re2 62. Kf4 Rf2+ 63. Kg3 Re2 64. Kf3 Re1 65. Rd2
Kg6 66. Kf4 Rf1+ 67. Ke5 Rg1 68. Ke6 Rxg4 69. e5 Kg7 70. Ke7 Ra4 71. e6 Ra7+
72. Rd7 Ra8 73. Rc7 Kg6 74. Kd7 Kf6 75. Rc6 Ra7+ 76. Kd6 Re7 1/2-1/2

[Event "Ì17Ï"]
[Site "Loo"]
[Date "2017.04.27"]
[Round "8.20"]
[White "Ãàâðèê, Àëåêñàíäð."]
[Black "Ìîñêâèí, Àíàòîëèé."]
[Result "0-1"]
[WhiteElo "1688"]
[BlackElo "1952"]
[PlyCount "38"]
[EventDate "2017.04.20"]

1. e4 e5 2. Nf3 Nc6 3. Bc4 Bc5 4. Nc3 Nf6 5. O-O d6 6. h3 h6 7. d3 g5 8. Be3 g4
9. hxg4 Bxg4 10. Na4 Bb6 11. Nxb6 axb6 12. c3 Rg8 13. Kh1 Qe7 14. Re1 O-O-O 15.
a4 d5 16. exd5 Nxd5 17. Qe2 e4 18. dxe4 Ne5 19. exd5 Bxf3 0-1

[Event "Ì17Ï"]
[Site "Loo"]
[Date "2017.04.27"]
[Round "8.21"]
[White "Ñåòþêîâ, Ðàäåëü."]
[Black "Öóðöóìèÿ, Ðóñëàí."]
[Result "1/2-1/2"]
[WhiteElo "1916"]
[BlackElo "1548"]
[PlyCount "50"]
[EventDate "2017.04.20"]

1. d4 Nf6 2. c4 c5 3. d5 b5 4. cxb5 a6 5. bxa6 Bxa6 6. Nc3 d6 7. Nf3 g6 8. e4
Bxf1 9. Kxf1 Bg7 10. g3 Nbd7 11. Kg2 O-O 12. h3 Qb6 13. Nd2 Rfb8 14. Qe2 Qa6
15. Qxa6 Rxa6 16. f4 Ne8 17. Re1 Nc7 18. Nf3 f6 19. Nd1 Kf8 20. Ne3 f5 21. exf5
Bxb2 22. Bxb2 Rxb2+ 23. Kg1 Raxa2 24. Rxa2 Rxa2 25. fxg6 hxg6 {
äàëåå çàïèñü íåðàçáîð~~èâà} 1/2-1/2

[Event "Ì17Ï"]
[Site "Loo"]
[Date "2017.04.27"]
[Round "8.22"]
[White "Íàòàðîâ, Èëüÿ."]
[Black "Óñàíèí, Ìèõàèë."]
[Result "1/2-1/2"]
[WhiteElo "1829"]
[BlackElo "1907"]
[PlyCount "94"]
[EventDate "2017.04.20"]

1. d4 Nf6 2. Nf3 d5 3. e3 Bg4 4. c4 c6 5. Nc3 e6 6. Qb3 Qb6 7. Ne5 Bf5 8. c5
Qc7 9. Bd2 Nbd7 10. Nxd7 Nxd7 11. Be2 Be7 12. f3 e5 13. O-O exd4 14. exd4 Bf6
15. Be3 O-O 16. Qd1 Rfe8 17. Qd2 Nxc5 18. Bf4 Qe7 19. dxc5 Bxc3 20. Qxc3 Qxe2
21. Rfe1 Qc2 22. Qxc2 Bxc2 23. Rac1 Bd3 24. Kf2 f6 25. Rxe8+ Rxe8 26. Re1 Rxe1
27. Kxe1 Kf7 28. Bb8 a6 29. Kd2 Bf1 30. g3 d4 31. Ke1 Bd3 32. Kd2 Bb1 33. Bd6
g6 34. a3 Ke6 35. Kc1 Ba2 36. Kc2 Bc4 37. Bf8 Kd5 38. Kd2 a5 39. Be7 f5 40. b4
axb4 41. axb4 Bb5 42. Bf6 Kc4 43. g4 fxg4 44. fxg4 d3 45. Bc3 Kd5 46. h4 h5 47.
gxh5 gxh5 {äàëåå çàïèñü íåðàçáîð~~èâà} 1/2-1/2

[Event "Ì17Ï"]
[Site "Loo"]
[Date "2017.04.27"]
[Round "8.23"]
[White "Ïîëòîðàöêèé, Àëåêñàíäð."]
[Black "ßðîñëàâöåâ, Àðòåì."]
[Result "1/2-1/2"]
[WhiteElo "1857"]
[BlackElo "2022"]
[PlyCount "55"]
[EventDate "2017.04.20"]

1. d4 Nf6 2. Nf3 g6 3. c4 Bg7 4. Nc3 d5 5. Bf4 O-O 6. e3 c5 7. Be2 cxd4 8. Nxd4
Nc6 9. Nxc6 bxc6 10. O-O Bf5 11. Be5 Qa5 12. Qa4 Qb6 13. Bd4 Qxb2 14. Bf3 c5
15. Bxf6 Bxf6 16. Nxd5 Rab8 17. Qxa7 Bd3 18. Rfc1 Bxc4 19. Nxf6+ exf6 20. Qxc5
Bxa2 21. Qc2 Qxc2 22. Rxc2 Rb1+ 23. Rxb1 Bxb1 24. Rc1 Bd3 25. Rc3 Bb1 26. Rc1
Bd3 27. Rc3 Bb1 28. Rc1 1/2-1/2

[Event "Ì17Ï"]
[Site "Loo"]
[Date "2017.04.27"]
[Round "8.24"]
[White "Êàðåëîâ, Ïàâåë."]
[Black "Àéðàïåòÿí, Îãàíåñ."]
[Result "1/2-1/2"]
[WhiteElo "1969"]
[BlackElo "1825"]
[PlyCount "58"]
[EventDate "2017.04.20"]

1. c4 e6 2. Nc3 d5 3. d4 Nf6 4. cxd5 exd5 5. Bg5 Be7 6. e3 c6 7. Bd3 h6 8. Bh4
Ne4 9. Bxe7 Qxe7 10. Bxe4 dxe4 11. Qc2 Bf5 12. Nge2 O-O 13. O-O Na6 14. a3 Rfd8
15. b4 Nc7 16. Ng3 Bg6 17. Rfe1 Nd5 18. Ncxe4 Re8 19. f3 h5 20. h4 Qxh4 21. Qf2
Re7 22. Rad1 Rae8 23. Nd6 Rd8 24. Ndf5 Bxf5 25. Nxf5 Qxf2+ 26. Kxf2 Re6 27. g3
g6 28. Nh4 Rde8 29. Ng2 R6e7 {äàëåå çàïèñü íåðàçáîð~~èâà} 1/2-1/2

[Event "Ì17Ï"]
[Site "Loo"]
[Date "2017.04.27"]
[Round "8.25"]
[White "Ëèïèëèí, Èëüÿ."]
[Black "Êîëõèäîâ, Àçàìàò."]
[Result "1/2-1/2"]
[WhiteElo "1951"]
[BlackElo "1712"]
[PlyCount "54"]
[EventDate "2017.04.20"]

1. d4 d5 2. c4 c6 3. Nf3 Nf6 4. e3 e6 5. Nbd2 Be7 6. Bd3 Nbd7 7. O-O O-O 8. e4
dxe4 9. Nxe4 Nxe4 10. Bxe4 Nf6 11. Bc2 h6 12. b3 b6 13. Bb2 Bb7 14. Qd3 Re8 15.
Rad1 c5 16. Rfe1 Kf8 17. d5 exd5 18. cxd5 Bd6 19. Rxe8+ Kxe8 20. Ne5 Kf8 21.
Nc4 Qe7 22. Bxf6 Qxf6 23. Qh7 Ke7 24. Re1+ Kd7 25. Qe4 Ba6 26. Ne3 Kc7 27. Nf5
Bb5 {äàëåå çàïèñü íåðàçáîð~~èâà} 1/2-1/2

[Event "Ì17Ï"]
[Site "Loo"]
[Date "2017.04.27"]
[Round "8.26"]
[White "Ìàìîøèí, Îëåã."]
[Black "Øèðøîâ, Íèêîëàé."]
[Result "0-1"]
[WhiteElo "1668"]
[BlackElo "1931"]
[PlyCount "66"]
[EventDate "2017.04.20"]

1. e4 c5 2. Nf3 g6 3. c4 Bg7 4. d4 cxd4 5. Nxd4 Nc6 6. Be3 Nf6 7. Nc3 d6 8. Be2
O-O 9. O-O Nxd4 10. Bxd4 Bd7 11. Qd2 Bc6 12. f3 a5 13. b3 Nd7 14. Be3 Nc5 15.
Rab1 Be5 16. Rfc1 e6 17. Bd1 Qh4 18. g3 Qe7 19. Bd4 f5 20. exf5 Rxf5 21. f4
Raf8 22. Bxe5 dxe5 23. Bg4 exf4 24. Bxf5 Rxf5 25. gxf4 Qh4 26. Qf2 Qxf2+ 27.
Kxf2 Rxf4+ 28. Kg3 Rf3+ 29. Kg4 h5+ 30. Kh4 Kg7 31. Nb5 Kh6 32. Rg1 g5+ 33.
Rxg5 Rf4+ 0-1

[Event "Ì17Ï"]
[Site "Loo"]
[Date "2017.04.27"]
[Round "8.27"]
[White "Ãîãè÷åâ, Ãåîðãèé."]
[Black "Ìàòóùàê, Äàíèèë."]
[Result "1/2-1/2"]
[WhiteElo "1869"]
[BlackElo "1291"]
[PlyCount "55"]
[EventDate "2017.04.20"]

1. d4 Nf6 2. c4 e6 3. Nc3 Bb4 4. Nf3 b6 5. Qc2 Bb7 6. e3 Ne4 7. Bd3 f5 8. O-O
Bxc3 9. bxc3 O-O 10. Nd2 Nxd2 11. Bxd2 Qh4 12. f3 Rf6 13. e4 f4 14. Be1 Qh5 15.
e5 Rh6 16. g4 fxg3 17. Bxg3 Qg5 18. Kf2 Nc6 19. Be4 Rf8 20. Ke2 Ba6 21. Rg1
Bxc4+ 22. Kd1 Ne7 23. Bf2 Qf4 24. Bg3 Qg5 25. Bf2 Qf4 26. Bg3 Qg5 27. Bf2 Qf4
28. Bg3 1/2-1/2

[Event "Ì17Ï"]
[Site "Loo"]
[Date "2017.04.27"]
[Round "8.28"]
[White "Êîëèåâ, Èðëàí."]
[Black "Ãåòüìàí, Äìèòðèé."]
[Result "1/2-1/2"]
[WhiteElo "1739"]
[BlackElo "1863"]
[PlyCount "79"]
[EventDate "2017.04.20"]

1. d4 d5 2. c4 e6 3. Nf3 Nf6 4. g3 c6 5. Bg2 Bd6 6. O-O Nbd7 7. Qc2 O-O 8. Nbd2
Qe7 9. e4 Nxe4 10. Nxe4 dxe4 11. Qxe4 Nf6 12. Qc2 c5 13. a3 b6 14. dxc5 bxc5
15. Bg5 Bb7 16. Rad1 Rfd8 17. Rd2 Bc7 18. Rfd1 h6 19. Bxf6 Qxf6 20. Ne1 Bxg2
21. Kxg2 Ba5 22. Rxd8+ Rxd8 23. Rxd8+ Qxd8 24. Nd3 Qd4 25. Nf4 Bc7 26. Ne2 Qd7
27. Qe4 Bb6 28. Nf4 Qd2 29. Nd3 Qc2 30. h3 Kh8 31. g4 g6 32. b4 cxb4 33. c5
Bxc5 34. Qe5+ Kg8 35. Nxc5 bxa3 36. Qb8+ Kg7 37. Qxa7 a2 38. Qe7 Qxc5 39. Qxc5
a1=Q 40. Qe3 1/2-1/2

[Event "Ì17Ï"]
[Site "Loo"]
[Date "2017.04.27"]
[Round "8.29"]
[White "Ôîøåíêî, Êèðèëë."]
[Black "Ôîìè÷åâ, Èëüÿ."]
[Result "1/2-1/2"]
[WhiteElo "1849"]
[BlackElo "1648"]
[PlyCount "89"]
[EventDate "2017.04.20"]

1. d4 d5 2. c4 e6 3. Nf3 Nf6 4. g3 Be7 5. Bg2 O-O 6. O-O b6 7. Nc3 Bb7 8. Ne5
Nbd7 9. Qa4 Nxe5 10. dxe5 Ne4 11. Nxe4 dxe4 12. Rd1 Qc8 13. Qc2 c5 14. Bxe4
Bxe4 15. Qxe4 Qc7 16. Be3 Rad8 17. f3 h6 18. Kg2 Rxd1 19. Rxd1 Rd8 20. Rh1 Rd7
21. h4 Qd8 22. Qc2 Qc7 23. f4 Qd8 24. Rf1 g6 25. h5 Kg7 26. hxg6 fxg6 27. g4
Qg8 28. f5 gxf5 29. gxf5 Kh8+ 30. Kh3 Bg5 31. Rg1 Qf7 32. Bxg5 hxg5 33. Rxg5
Qh7+ 34. Kg4 Rd4+ 35. e4 exf5+ 36. Rxf5 Qg6+ 37. Kf4 Qh6+ 38. Rg5 Qh4+ 39. Rg4
Qh6+ 40. Kf3 Qh3+ 41. Rg3 Qh5+ 42. Kg2 Qxe5 43. Rh3+ Kg8 44. Rg3+ Kh8 45. Rg4 {
äàëåå çàïèñü íåðàçáîð~~èâà} 1/2-1/2

[Event "Ì17Ï"]
[Site "Loo"]
[Date "2017.04.27"]
[Round "8.31"]
[White "Åãîðîâ, Àëåêñåé."]
[Black "Âàùåíêî, Ëåâ."]
[Result "1/2-1/2"]
[WhiteElo "1776"]
[BlackElo "1478"]
[PlyCount "76"]
[EventDate "2017.04.20"]

1. e4 e6 2. Nc3 d5 3. d4 dxe4 4. Nxe4 Nd7 5. Nf3 Ngf6 6. Nxf6+ Nxf6 7. Bd3 c5
8. O-O cxd4 9. Nxd4 Bc5 10. Be3 b6 11. c3 O-O 12. b4 Be7 13. Nc6 Qc7 14. Nxe7+
Qxe7 15. Bg5 Bb7 16. Qb3 Rfd8 17. Rfd1 h6 18. Bxf6 Qxf6 19. a4 Rac8 20. Rac1
Qg5 21. Bf1 a6 22. c4 h5 23. Rc3 Rxd1 24. Qxd1 Rd8 25. Rd3 Rxd3 26. Qxd3 Qe7
27. b5 axb5 28. axb5 Kf8 29. Qd4 Qc7 30. Be2 g6 31. f4 Ke7 32. Kf2 Qd6 33. Qe3
Ba8 34. Bf3 Bxf3 35. Kxf3 Qd1+ 36. Kg3 Qd6 37. Kf3 Qd1+ 38. Kg3 Qd6 1/2-1/2

[Event "Ì17Ï"]
[Site "Loo"]
[Date "2017.04.27"]
[Round "8.32"]
[White "Íàóðáèåâ, Àõìåä."]
[Black "Âîëêîâ, Ãðèãîðèé."]
[Result "1-0"]
[WhiteElo "1707"]
[BlackElo "1651"]
[PlyCount "61"]
[EventDate "2017.04.20"]

1. e4 c5 2. Nf3 d6 3. Bb5+ Nc6 4. O-O Bd7 5. c3 Nf6 6. Re1 Qc7 7. d4 a6 8. Bf1
e5 9. Bg5 h6 10. Bh4 g5 11. Bg3 Bg4 12. h3 Bh5 13. dxe5 dxe5 14. Nbd2 O-O-O 15.
Qa4 Kb8 16. b4 cxb4 17. cxb4 Bxb4 18. Nxe5 Bd6 19. Nxc6+ Qxc6 20. Qxc6 bxc6 21.
e5 Bc7 22. Rab1+ Ka8 23. Rec1 Rxd2 24. Rxc6 Rxa2 25. Bc4 Ra5 26. Rxc7 Ne4 27.
Rd7 Rf8 28. Rb6 Rc8 29. Bd5+ Rxd5 30. Rxd5 Ka7 31. Rxh6 1-0

[Event "Ì17Ï"]
[Site "Loo"]
[Date "2017.04.27"]
[Round "8.33"]
[White "Ñàòäàðîâ, Ìèõàèë."]
[Black "Äîáðûíèí, ßðîñëàâ."]
[Result "1/2-1/2"]
[WhiteElo "1496"]
[BlackElo "1662"]
[PlyCount "80"]
[EventDate "2017.04.20"]

1. e4 e5 2. Nf3 Nc6 3. d4 exd4 4. Nxd4 Bc5 5. Be3 Qf6 6. c3 Nge7 7. Bd3 Bxd4 8.
cxd4 Nxd4 9. O-O Nec6 10. Nc3 d6 11. Nd5 Qd8 12. Rc1 Ne6 13. f4 Ne7 14. f5 Nxd5
15. exd5 Nc5 16. Bxc5 dxc5 17. Re1+ Kf8 18. Rxc5 Bd7 19. Rc2 c6 20. dxc6 Bxc6
21. Rce2 Qd4+ 22. Kh1 Rd8 23. Bc2 Qxd1 24. Rxd1 Rxd1+ 25. Bxd1 h5 26. Re3 Rh6
27. Bf3 Rf6 28. Bxh5 Rxf5 29. Bf3 Bxf3 30. gxf3 Rb5 31. b3 Rd5 32. a4 a5 33.
Kg2 g6 34. Kg3 Kg7 35. Kg4 b5 36. axb5 Rxb5 37. h4 Rb4+ 38. f4 a4 39. bxa4 Rxa4
40. Rb3 Rc4 1/2-1/2

[Event "Ì17Ï"]
[Site "Loo"]
[Date "2017.04.27"]
[Round "8.34"]
[White "Ìóðòàçèí, Ðèôàò."]
[Black "Ëåîíîâ, Êèðèëë."]
[Result "1-0"]
[WhiteElo "1592"]
[BlackElo "1755"]
[PlyCount "55"]
[EventDate "2017.04.20"]

1. e4 e6 2. d4 d5 3. Nc3 Bb4 4. e5 c5 5. a3 Bxc3+ 6. bxc3 Ne7 7. Qg4 Ng6 8. h4
h5 9. Qg3 c4 10. Ne2 Nc6 11. Nf4 Nce7 12. Nxg6 Nxg6 13. Be2 Bd7 14. Bg5 Qa5 15.
Qe3 Ba4 16. Kd2 Kd7 17. Bxh5 Rxh5 18. Qf3 Nf4 19. Qxf4 Rf8 20. g4 Rh7 21. h5
Qc7 22. h6 gxh6 23. Rxh6 Rg7 24. Rf6 Rh7 25. Bh6 Re8 26. Rxf7+ Rxf7 27. Qxf7+
Re7 28. Qg6 1-0

[Event "Ì17Ï"]
[Site "Loo"]
[Date "2017.04.27"]
[Round "8.35"]
[White "Ìóðàâüåâ, Ìàêñèì."]
[Black "Øóøàêîâ, Àíäðåé."]
[Result "0-1"]
[WhiteElo "1546"]
[BlackElo "1558"]
[PlyCount "120"]
[EventDate "2017.04.20"]

1. Nf3 Nf6 2. d4 c5 3. e3 e6 4. c4 a6 5. Nc3 b6 6. g3 d6 7. Bg2 Qc7 8. dxc5
bxc5 9. Ne5 Bb7 10. Qa4+ Nbd7 11. Nxd7 Nxd7 12. O-O Bxg2 13. Kxg2 Be7 14. Qc2
Rb8 15. b3 O-O 16. Bb2 f5 17. e4 Ne5 18. Ne2 Ng6 19. h4 f4 20. Ng1 Bf6 21. Nf3
Rbd8 22. h5 Bxb2 23. Qxb2 Ne5 24. Nxe5 dxe5 25. Rad1 Rd4 26. Qc2 f3+ 27. Kh3
Qf7 28. g4 Qf4 29. Rxd4 exd4 30. Re1 g6 31. Qc1 Qxc1 32. Rxc1 gxh5 33. Kg3 e5
34. gxh5 Rf4 35. Rd1 Rxe4 36. Kxf3 Rh4 37. Rg1+ Kf7 38. Rg5 Kf6 39. Rg8 e4+ 40.
Ke2 Rxh5 41. Ra8 Rh3 42. Rxa6+ Ke5 43. Ra8 d3+ 44. Kd2 Rf3 45. Re8+ Kf4 46. Ke1
d2+ 47. Kxd2 Rxf2+ 48. Kc3 Rxa2 49. Rf8+ Kg3 50. Rc8 Kf3 51. Rf8+ Ke2 52. Rf7
h5 53. Rh7 Kd1 54. b4 Ra3+ 55. Kb2 cxb4 56. Rxh5 e3 57. Rd5+ Ke1 58. c5 Rc3 59.
Rf5 e2 60. Kb1 Kd2 0-1

[Event "Ì17Ï"]
[Site "Loo"]
[Date "2017.04.27"]
[Round "8.36"]
[White "Êóðáàíîâ, Íàðèìàí."]
[Black "Ìèøèí, Ñàâåëèé."]
[Result "1/2-1/2"]
[WhiteElo "1614"]
[BlackElo "1377"]
[PlyCount "69"]
[EventDate "2017.04.20"]

1. e4 c6 2. d4 d5 3. Nd2 dxe4 4. Nxe4 Bf5 5. Ng3 Bg6 6. Nf3 Nd7 7. h4 h6 8. h5
Bh7 9. Bd3 Bxd3 10. Qxd3 e6 11. Bd2 Ngf6 12. O-O-O Bd6 13. Ne4 Nxe4 14. Qxe4
Nf6 15. Qe2 Qc7 16. Kb1 O-O-O 17. g3 Rhe8 18. Ne5 Bxe5 19. dxe5 Nd5 20. c4 Ne7
21. Bc3 c5 22. g4 Nc6 23. Qe3 Rxd1+ 24. Rxd1 Rd8 25. Rxd8+ Qxd8 26. Kc2 b6 27.
Qe4 Qe8 28. f4 Kc7 29. Qh7 Qf8 30. Qe4 Qe7 31. Qh7 Qf8 32. Qe4 Qe7 33. Qh7 Qf8
34. Qe4 Qe7 35. Qh7 1/2-1/2

[Event "Ì17Ï"]
[Site "Loo"]
[Date "2017.04.27"]
[Round "8.37"]
[White "Êóðèíîâ, Þðèé."]
[Black "Öîïàíîâ, Ìèõàèë."]
[Result "0-1"]
[WhiteElo "1254"]
[BlackElo "1586"]
[PlyCount "86"]
[EventDate "2017.04.20"]

1. d4 d5 2. Nf3 Nf6 3. c4 e6 4. Nc3 Be7 5. e3 O-O 6. Bd3 c5 7. O-O Nc6 8. b3 b6
9. Bb2 Bb7 10. Rc1 Rc8 11. Qe2 a6 12. Rfd1 Nb4 13. Bb1 Qd6 14. a3 Nc6 15. Ne5
Rfd8 16. Nxc6 Qxc6 17. f3 h6 18. Na2 Qd7 19. Bd3 Ra8 20. b4 dxc4 21. Bxc4 b5
22. dxc5 Qc7 23. Bb3 Nd5 24. Nc3 Bg5 25. Nxd5 exd5 26. Rc3 Bc6 27. Rcd3 Re8 28.
Re1 Rad8 29. Qd1 Bh4 30. g3 Bxg3 31. Re2 Be5 32. Bxe5 Qxe5 33. Qe1 Rd7 34. Kg2
Rde7 35. Qg3 Qf5 36. Bc2 Qh5 37. Qg4 Qe5 38. Rd4 Qf6 39. Qf5 Qxf5 40. Bxf5 Rxe3
41. Rxe3 Rxe3 42. Rd3 Rxd3 43. Bxd3 Kf8 {äàëåå çàïèñü íåðàçáîð~~èâà} 0-1